A lakótelepek lakáscélú állami támogatása

Elmentve itt :
Bibliográfiai részletek
Szerző: Losonczi Zsófia
További közreműködők: Schneider Klára (Témavezető)
Dokumentumtípus: Szakdolgozat
Megjelent: 2011
Tárgyszavak:
Online Access:http://diploma.bibl.u-szeged.hu/51117
LEADER 00544nta a2200157 i 4500
001 dipl51117
005 20150317092617.0
008 150317s2011 hu om 0|| zxx d
040 |a SZTE Diploma Repozitórium  |b hun 
041 |a zxx 
100 1 |a Losonczi Zsófia 
245 1 2 |a A lakótelepek lakáscélú állami támogatása  |h [elektronikus dokumentum] /  |c Zsófia Losonczi 
260 |c 2011 
650 4 |a Gazdaságtudományok 
700 1 |a Schneider Klára  |e ths 
856 4 0 |u http://diploma.bibl.u-szeged.hu/id/eprint/51117/1/szakdolgozat.pdf  |z Dokumentum-elérés